[Event "Veneto-ch qf 80th"]
[Site "Sottomarina"]
[Date "2021.06.05"]
[Round "2.4"]
[White "Vizireanu, Dragos"]
[Black "Cappelletto, Joshuaede"]
[Result "0-1"]
[WhiteElo "1937"]
[BlackElo "2206"]
[PlyCount "84"]
[EventDate "2021.06.04"]
[EventType "swiss"]
[EventRounds "5"]
[EventCountry "ITA"]
[SourceTitle "EXT 2024"]
[Source "ChessBase"]
[SourceDate "2023.10.10"]
[SourceVersion "1"]
[SourceVersionDate "2023.10.10"]
[SourceQuality "1"]

1. e4 c5 2. Nf3 Nc6 3. Nc3 g6 4. a4 Bg7 5. Bc4 d6 6. 0-0 e6 7. Re1 Nge7 8. d3 0-0 9. Bg5 h6 10. Bh4 a6 11. h3 b6 12. Qd2 Qd7 13. Bxe7 Nxe7 14. Ne2 Bb7 15. Ba2 d5 16. exd5 Nxd5 17. c3 Rad8 18. Red1 e5 19. d4 exd4 20. cxd4 Nb4 21. dxc5 Qxd2 22. Rxd2 Nxa2 23. Rxa2 Bxf3 24. Rxd8 Rxd8 25. gxf3 Rd2 26. Kf1 bxc5 27. Ke1 Rxb2 28. Rxb2 Bxb2 29. Kd2 Kf8 30. Nc3 Bxc3+ 31. Kxc3 Ke7 32. Kc4 Kd6 33. f4 f5 34. h4 Kc6 35. f3 Kd6 36. Kc3 Kd5 37. Kd3 c4+ 38. Kc3 a5 39. Kc2 Kd4 40. Kd2 c3+ 41. Kc2 Kc4 42. Kc1 Kb3 0-1

[Event "Bassano del Grappa op 11"]
[Site "Bassano del Grappa"]
[Date "2020.11.27"]
[Round "1"]
[White "Lumachi, Gabriele"]
[Black "Vizireanu, Dragos"]
[Result "1-0"]
[WhiteElo "2297"]
[BlackElo "1932"]
[PlyCount "71"]
[EventDate "2020.11.27"]
[EventType "swiss"]
[EventRounds "5"]
[EventCountry "ITA"]
[SourceTitle "CBM 199 Extra"]
[Source "ChessBase"]
[SourceDate "2021.01.31"]
[SourceVersion "1"]
[SourceVersionDate "2021.01.31"]
[SourceQuality "1"]

1. d4 Nf6 2. c4 g6 3. Nc3 d5 4. cxd5 Nxd5 5. Bd2 Nxc3 6. Bxc3 Bg7 7. e4 c5 8. d5 Bxc3+ 9. bxc3 0-0 10. Qd2 Qd6 11. f4 e6 12. Nf3 exd5 13. Bc4 d4 14. e5 Qb6 15. cxd4 cxd4 16. 0-0 Nc6 17. Rab1 Qa5 18. Qf2 Bf5 19. Rxb7 Qc3 20. Bd5 Rad8 21. Rb3 Rxd5 22. Rxc3 dxc3 23. g4 Bd3 24. Rc1 c2 25. Ne1 Rfd8 26. Nxd3 Rxd3 27. Qxc2 Nb4 28. Qa4 Nd5 29. f5 Nc3 30. Qc2 R8d4 31. e6 Rxg4+ 32. Kh1 Ne4 33. e7 Kg7 34. e8Q gxf5 35. Qe5+ Kg6 36. Rf1 1-0

[Event "Veneto-ch qf 79th"]
[Site "Padova"]
[Date "2020.02.22"]
[Round "3.31"]
[White "Vizireanu, Dragos"]
[Black "Gomirato, Anna"]
[Result "1-0"]
[WhiteElo "1944"]
[BlackElo "1666"]
[PlyCount "69"]
[EventDate "2020.02.21"]
[EventType "swiss"]
[EventRounds "3"]
[EventCountry "ITA"]
[SourceTitle "EXT 2024"]
[Source "ChessBase"]
[SourceDate "2023.10.10"]
[SourceVersion "1"]
[SourceVersionDate "2023.10.10"]
[SourceQuality "1"]

1. e4 e5 2. Bc4 Bc5 3. c3 Nf6 4. d3 h6 5. Nf3 Nc6 6. 0-0 0-0 7. a4 a5 8. Nbd2 d6 9. Re1 Ne7 10. Nf1 Ng6 11. Ng3 c6 12. h3 Re8 13. Qc2 d5 14. Ba2 Qc7 15. exd5 cxd5 16. d4 Bb6 17. Be3 exd4 18. Bxd4 Rxe1+ 19. Rxe1 Bxd4 20. Nxd4 b6 21. Re3 Bb7 22. Qe2 Qd7 23. Bb3 Re8 24. Ngf5 Rxe3 25. Nxe3 Ne7 26. Bc2 Nc6 27. Nef5 Nxd4 28. Nxd4 Kf8 29. Qe5 Ne8 30. Bd3 Qd6 31. Qe3 Nc7 32. Nf5 Qd7 33. Qg3 Ne6 34. Qb8+ Nd8 35. Bb5 1-0

[Event "Santa Maria di Sala op 26th"]
[Site "Santa Maria di Sala"]
[Date "2018.12.08"]
[Round "3"]
[White "Chirilov, Marius Giorgian"]
[Black "Vizireanu, Dragos"]
[Result "0-1"]
[WhiteElo "1834"]
[BlackElo "1938"]
[PlyCount "141"]
[EventDate "2018.12.07"]
[EventType "swiss"]
[EventRounds "5"]
[EventCountry "ITA"]
[SourceTitle "EXT 2022"]
[Source "ChessBase"]
[SourceDate "2021.10.06"]
[SourceVersion "1"]
[SourceVersionDate "2021.10.06"]
[SourceQuality "1"]

1. d4 Nf6 2. c4 g6 3. Nf3 Bg7 4. Nc3 0-0 5. Bf4 d6 6. h3 Nbd7 7. e3 c5 8. d5 Qa5 9. Qd2 a6 10. g4 Rb8 11. a4 h5 12. g5 Ne8 13. Ra3 Ne5 14. Nxe5 dxe5 15. Bg3 Nd6 16. Ne4 Qc7 17. Nc3 b6 18. Qc2 Bf5 19. e4 Bd7 20. Bd3 b5 21. axb5 axb5 22. cxb5 c4 23. Be2 Bxb5 24. 0-0 Rfc8 25. Rfa1 Rb7 26. f3 Bd7 27. Bf2 Bxh3 28. Ra7 Rcb8 29. R1a2 f6 30. Qd2 Kh7 31. f4 fxg5 32. fxg5 Qd7 33. Qd1 Qe8 34. Rxb7 Rxb7 35. Qc2 Qf7 36. Be3 e6 37. Qd1 exd5 38. exd5 Nf5 39. Bf2 Qe7 40. Ne4 Nd6 41. Bc5 Rd7 42. Bxd6 Rxd6 43. Bxh5 Bf5 44. Nxd6 Qxd6 45. Bf3 e4 46. Bg2 Qg3 47. d6 Be5 48. Ra7+ Kh8 49. Ra8+ Kg7 50. Ra7+ Kf8 51. Ra8+ Kg7 52. d7 e3 53. Rg8+ Kh7 54. Rh8+ Bxh8 55. d8Q Qf2+ 56. Kh1 Qh4+ 57. Kg1 Qf2+ 58. Kh2 Be5+ 59. Kh1 Qh4+ 60. Kg1 Bh2+ 61. Kh1 Bc7+ 62. Kg1 Qf2+ 63. Kh1 Qh4+ 64. Kg1 Qh2+ 65. Kf1 e2+ 66. Kxe2 Qxg2+ 67. Ke3 Qg3+ 68. Kd4 Bxd8 69. Qh1+ Qh3 70. Qb7+ Bd7 71. Qd5 0-1

[Event "Treviso Lega Master op 2nd"]
[Site "Treviso"]
[Date "2018.04.03"]
[Round "3"]
[White "Vianello, Enrico"]
[Black "Vizireanu, Dragos"]
[Result "1-0"]
[WhiteElo "2168"]
[BlackElo "1927"]
[PlyCount "103"]
[EventDate "2018.03.02"]
[EventType "swiss"]
[EventRounds "5"]
[EventCountry "ITA"]
[SourceTitle "EXT 2022"]
[Source "ChessBase"]
[SourceDate "2021.10.06"]
[SourceVersion "1"]
[SourceVersionDate "2021.10.06"]
[SourceQuality "1"]

1. Nf3 Nf6 2. c4 e6 3. g3 d5 4. d4 Bb4+ 5. Bd2 Be7 6. Bg2 0-0 7. 0-0 Nbd7 8. Qc2 c6 9. Rd1 Ne4 10. Bf4 g5 11. Bc1 f5 12. b3 b6 13. Bb2 Ba6 14. a4 Rc8 15. a5 bxa5 16. c5 Rb8 17. Ne1 Qc7 18. f3 Nef6 19. Nd3 Bxd3 20. Qxd3 Rb5 21. Qe3 Kf7 22. Qxg5 Rxb3 23. Bc3 Rg8 24. Qd2 e5 25. Qc2 Rb5 26. Na3 Rb7 27. Qxf5 exd4 28. Bxd4 Bxc5 29. Nc2 h6 30. Bxc5 Nxc5 31. Nd4 Nb3 32. Qe6+ Kg6 33. Qf5+ Kf7 34. Nxb3 Rxb3 35. Rac1 Rg5 36. Qc2 Qb6+ 37. Kf1 Re5 38. Qxc6 Rb2 39. Qc7+ Re7 40. Qxb6 axb6 41. Re1 Re3 42. Rc7+ Kg6 43. Bh3 d4 44. Kf2 Rd3 45. Be6 Rdd2 46. g4 d3 47. Bf5+ Kg5 48. Rf7 Rxe2+ 49. Rxe2 Rxe2+ 50. Kg3 Nh5+ 51. gxh5 d2 52. Bc2 1-0

[Event "Treviso Lega Master op 2nd"]
[Site "Treviso"]
[Date "2018.03.03"]
[Round "2"]
[White "Vizireanu, Dragos"]
[Black "Pirverdiyev, Agil"]
[Result "0-1"]
[WhiteElo "1927"]
[BlackElo "2308"]
[PlyCount "102"]
[EventDate "2018.03.02"]
[EventType "swiss"]
[EventRounds "5"]
[EventCountry "ITA"]
[SourceTitle "EXT 2022"]
[Source "ChessBase"]
[SourceDate "2021.10.06"]
[SourceVersion "1"]
[SourceVersionDate "2021.10.06"]
[SourceQuality "1"]

1. c4 e5 2. e3 g6 3. Nf3 Bg7 4. d4 Nc6 5. Nc3 d6 6. Be2 Nge7 7. d5 Nb8 8. 0-0 0-0 9. Rb1 h6 10. Nd2 c5 11. f4 exf4 12. exf4 Nf5 13. Nf3 Re8 14. Bd3 Na6 15. a3 Nc7 16. Ne2 b5 17. b3 a5 18. g4 Ne3 19. Bxe3 Rxe3 20. Qd2 Rxd3 21. Qxd3 Bxg4 22. Ng3 b4 23. a4 Qf6 24. Ne4 Qd8 25. Rbe1 Ne8 26. Ng3 Bh3 27. Rf2 Nf6 28. Rfe2 Ng4 29. Qe4 Qf6 30. Nf1 Qc3 31. N1d2 Kh7 32. Kh1 Bf6 33. Rg1 Ra7 34. Qb1 Re7 35. Qd1 Rxe2 36. Qxe2 Bd4 37. Ne4 Qxb3 38. Nxd4 cxd4 39. Rxg4 Bxg4 40. Nf6+ Kg7 41. Nxg4 d3 42. Qd2 Qc3 43. Qd1 d2 44. Nf2 b3 45. Kg2 b2 46. Ne4 Qc1 47. Qxd2 b1Q 48. Qd4+ Kg8 49. Nf6+ Kf8 50. Nh7+ Ke8 51. Nf6+ Kd8 0-1

[Event "Treviso Lega Master op 2nd"]
[Site "Treviso"]
[Date "2018.03.02"]
[Round "1"]
[White "Loiacono, Antonio"]
[Black "Vizireanu, Dragos"]
[Result "0-1"]
[WhiteElo "2182"]
[BlackElo "1927"]
[PlyCount "53"]
[EventDate "2018.03.02"]
[EventType "swiss"]
[EventRounds "5"]
[EventCountry "ITA"]
[SourceTitle "EXT 2022"]
[Source "ChessBase"]
[SourceDate "2021.10.06"]
[SourceVersion "1"]
[SourceVersionDate "2021.10.06"]
[SourceQuality "1"]

1. e4 e5 2. Nf3 Nc6 3. Nc3 Bc5 4. Bb5 d6 5. 0-0 a6 6. Ba4 Nf6 7. d3 h6 8. Ne2 0-0 9. c3 b5 10. Bc2 d5 11. d4 dxe4 12. Nxe5 Nxe5 13. dxe5 Ng4 14. Qxd8 Rxd8 15. Bf4 e3 16. f3 Rd2 17. Bb3 Rxe2 18. fxg4 Bb7 19. Rf3 Bxf3 20. gxf3 Rd8 21. e6 Rxb2 22. exf7+ Kf8 23. Re1 e2+ 24. Kg2 Rd1 25. Bg3 Rxe1 26. Bxe1 Rb1 27. Bf2 0-1

[Event "Padova op-A 17th"]
[Site "Padova"]
[Date "2014.12.20"]
[Round "8.31"]
[White "Benetti, Lorenzo"]
[Black "Vizireanu, Dragos"]
[Result "1-0"]
[WhiteElo "1854"]
[BlackElo "1858"]
[PlyCount "91"]
[EventDate "2014.12.14"]
[EventType "swiss"]
[EventRounds "9"]
[EventCountry "ITA"]
[SourceTitle "EXT 2024"]
[Source "ChessBase"]
[SourceDate "2023.10.10"]
[SourceVersion "1"]
[SourceVersionDate "2023.10.10"]
[SourceQuality "1"]

1. d4 Nf6 2. Bg5 d5 3. Nf3 e6 4. e3 Be7 5. c4 c6 6. Nc3 0-0 7. Bd3 Nbd7 8. 0-0 Re8 9. Qc2 b6 10. cxd5 cxd5 11. Rfc1 Bb7 12. Qa4 a6 13. b4 Ne4 14. Bxe7 Rxe7 15. Qb3 Rc8 16. Bxe4 dxe4 17. Nd2 Nf6 18. Nc4 Bd5 19. Nxd5 Nxd5 20. a4 b5 21. axb5 Rec7 22. Rxa6 Qd7 23. Rc6 Rxc6 24. bxc6 Qxc6 25. Rc2 Nb6 26. Na3 Qb7 27. h3 Rb8 28. b5 h6 29. Rc6 Nd5 30. Rc5 Nc7 31. Qc2 Ne8 32. Nc4 Qd7 33. Ne5 Qd6 34. Qxe4 Nc7 35. Nc4 Qd7 36. Qc6 Qxc6 37. bxc6 Kf8 38. Ra5 Ke7 39. Ra7 Kd8 40. Ne5 f6 41. Nf7+ Kc8 42. Nd6+ Kd8 43. e4 Rb6 44. d5 exd5 45. exd5 Nxd5 46. Rd7# 1-0